[Event "Oberliga Ost A 2017 2018"]
[Site "Germany"]
[Date "2018.01.21"]
[Round "5.8"]
[White "Will, Matthias"]
[Black "Linnert, Niklas"]
[Result "1/2-1/2"]
[WhiteElo "2025"]
[BlackElo "1979"]
[PlyCount "94"]
[EventDate "2017.10.22"]
[EventType "team-tourn"]
[EventCountry "GER"]
[WhiteTeam "Naumburger SV"]
[BlackTeam "Plauen SK Koenig"]
[WhiteTeamCountry "GER"]
[BlackTeamCountry "GER"]

1. Nf3 Nf6 2. c4 g6 3. b4 Bg7 4. Bb2 O-O 5. Nc3 c6 6. d4 d5 7. e3 Bf5 8. Be2
Nbd7 9. Qb3 Nb6 10. c5 Nbd7 11. O-O Qc7 12. a4 Rfe8 13. Ne5 a5 14. f4 Ne4 15.
Nxe4 Bxe4 16. Bf3 Bxf3 17. Rxf3 axb4 18. Qxb4 f6 19. Nxd7 Qxd7 20. Raf1 Rab8
21. a5 Qc7 22. Qe1 e5 23. dxe5 fxe5 24. Rh3 exf4 25. Bxg7 Qxg7 26. Rxf4 Re7 27.
Qb4 Rbe8 28. Qd4 Qxd4 29. exd4 Re2 30. Rf2 R2e4 31. Rb3 Rxd4 32. Rxb7 Re1+ 33.
Rf1 Re2 34. a6 Rdd2 35. Rfb1 Rxg2+ 36. Kh1 Rxh2+ 37. Kg1 Rdg2+ 38. Kf1 Ra2 39.
Kg1 Rhg2+ 40. Kh1 Rgf2 41. a7 Rf8 42. Rc7 h6 43. Rxc6 Rxa7 44. Rxg6+ Kh7 45.
Rbb6 Ra1+ 46. Kg2 Ra2+ 47. Kg1 Ra1+ 1/2-1/2

[Event "Oberliga Ost A 2017 2018"]
[Site "Germany"]
[Date "2018.02.03"]
[Round "6.1"]
[White "Pulpan, Jakub"]
[Black "Richter, Leonard"]
[Result "1-0"]
[WhiteElo "2390"]
[BlackElo "2268"]
[PlyCount "101"]
[EventDate "2017.10.22"]
[EventType "team-tourn"]
[EventCountry "GER"]
[WhiteTeam "Aue ESV Nickelhuette II"]
[BlackTeam "Leipzig SG II"]
[WhiteTeamCountry "GER"]
[BlackTeamCountry "GER"]

1. e4 c5 2. Nf3 d6 3. d4 cxd4 4. Nxd4 Nf6 5. Nc3 a6 6. Be2 e5 7. Nb3 Be7 8. O-O
O-O 9. Qd3 b5 10. a4 b4 11. Nd5 Nxd5 12. Qxd5 Ra7 13. Be3 Be6 14. Qd2 Rb7 15.
a5 Qc8 16. Bb6 Qc6 17. Rfd1 Rd7 18. Bf3 Rc8 19. Qxb4 Rb7 20. Qa3 Nd7 21. Be2
Ra8 22. Bd3 Nxb6 23. axb6 Qxb6 24. Na5 Rc7 25. Nb3 Rb7 26. Na5 Rbb8 27. b3 Ra7
28. Qa4 Bd7 29. Qa2 Qc5 30. Bc4 Be8 31. Bd5 Bd8 32. Nc4 Kf8 33. Rd3 a5 34. c3
Bb5 35. Rf3 Bxc4 36. Bxc4 f6 37. Qe2 a4 38. b4 Qc7 39. Qd3 Rc8 40. Be6 Rb8 41.
h4 a3 42. h5 Qc6 43. Rg3 a2 44. Rxa2 Rxa2 45. Bxa2 Ra8 46. Bd5 Ra1+ 47. Kh2 Qb6
48. h6 g6 49. Rxg6 Qxf2 50. Rg8+ Ke7 51. Rg7+ 1-0

[Event "Oberliga Ost A 2017 2018"]
[Site "Germany"]
[Date "2018.02.03"]
[Round "6.2"]
[White "Schunk, Thomas"]
[Black "Cerveny, Martin"]
[Result "0-1"]
[WhiteElo "2152"]
[BlackElo "2381"]
[PlyCount "84"]
[EventDate "2017.10.22"]
[EventType "team-tourn"]
[EventCountry "GER"]
[WhiteTeam "Leipzig SG II"]
[BlackTeam "Aue ESV Nickelhuette II"]
[WhiteTeamCountry "GER"]
[BlackTeamCountry "GER"]

1. c4 g6 2. Nc3 Bg7 3. g3 e5 4. Bg2 Ne7 5. h4 h6 6. e3 c6 7. d4 exd4 8. exd4 d5
9. cxd5 O-O 10. Nge2 Bg4 11. O-O cxd5 12. Qb3 Qd7 13. Be3 Nbc6 14. Nf4 Rad8 15.
Ncxd5 Nxd5 16. Qxd5 Qxd5 17. Nxd5 Nxd4 18. Nc3 Nc2 19. Rac1 Nxe3 20. fxe3 Be5
21. Nd5 Kg7 22. Kh2 g5 23. Rc2 Be6 24. Nc3 gxh4 25. Bxb7 hxg3+ 26. Kg2 h5 27.
Rh1 Rh8 28. Rh4 Bf6 29. Kxg3 Bxh4+ 30. Kxh4 Kf6 31. Ne4+ Ke7 32. b4 Rhg8 33.
Ng5 Rb8 34. Nxe6 fxe6 35. Rc7+ Kd6 36. Rh7 Rg4+ 37. Kh3 Rxb4 38. Bf3 Rf8 39.
Bxh5 Re4 40. Rxa7 Rh8 41. Ra6+ Kc7 42. Ra5 e5 0-1

[Event "Oberliga Ost A 2017 2018"]
[Site "Germany"]
[Date "2018.02.03"]
[Round "6.3"]
[White "Wichmann, Cliff"]
[Black "Weitzer, Steffen"]
[Result "1-0"]
[WhiteElo "2297"]
[BlackElo "2236"]
[PlyCount "39"]
[EventDate "2017.10.22"]
[EventType "team-tourn"]
[EventCountry "GER"]
[WhiteTeam "Aue ESV Nickelhuette II"]
[BlackTeam "Leipzig SG II"]
[WhiteTeamCountry "GER"]
[BlackTeamCountry "GER"]

1. d4 Nf6 2. c4 e5 3. dxe5 Ne4 4. Nf3 Nc6 5. a3 d6 6. Qc2 d5 7. e3 Bg4 8. cxd5
Qxd5 9. Bc4 Qa5+ 10. Nbd2 Bxf3 11. gxf3 Nxd2 12. Bxd2 Qxe5 13. Bc3 Qe7 14.
O-O-O a6 15. Rd5 f6 16. Rhd1 Rd8 17. Qf5 Rd6 18. Qc8+ Nd8 19. Rxd6 cxd6 20. Rd4
1-0

[Event "Oberliga Ost A 2017 2018"]
[Site "Germany"]
[Date "2018.02.03"]
[Round "6.4"]
[White "Pietzsch, Manuel"]
[Black "Jurasek, Miroslav"]
[Result "0-1"]
[WhiteElo "2109"]
[BlackElo "2276"]
[PlyCount "108"]
[EventDate "2017.10.22"]
[EventType "team-tourn"]
[EventCountry "GER"]
[WhiteTeam "Leipzig SG II"]
[BlackTeam "Aue ESV Nickelhuette II"]
[WhiteTeamCountry "GER"]
[BlackTeamCountry "GER"]

1. e4 e5 2. Nf3 Nc6 3. Bb5 a6 4. Ba4 Nf6 5. Qe2 d6 6. c3 Bg4 7. h3 Bh5 8. d3
Be7 9. Nbd2 Nd7 10. Nf1 Nc5 11. Bc2 Ne6 12. g4 Bg6 13. Ng3 h5 14. Rg1 hxg4 15.
hxg4 d5 16. Nf5 d4 17. Bd2 dxc3 18. bxc3 Bxf5 19. gxf5 Nf4 20. Bxf4 exf4 21. d4
Qd6 22. e5 Qa3 23. Kd2 O-O-O 24. Rab1 Qa5 25. Qe4 f6 26. Rxb7 Nxd4 27. Nxd4
Rxd4+ 28. Qxd4 Rd8 29. Qxd8+ Bxd8 30. Rgb1 fxe5 31. Be4 Kd7 32. f3 Be7 33. Rg1
Qxa2+ 34. Kd3 Bf6 35. Rd1 Be7 36. Rd2 Qa5 37. Kc4+ Bd6 38. Rg2 Qa4+ 39. Kd3
Qd1+ 40. Rd2 Qf1+ 41. Kc2 a5 42. Rb1 Qc4 43. Rg2 Qa2+ 44. Rb2 Qf7 45. Kd3 a4
46. Rg6 a3 47. Rbg2 Bf8 48. Bc6+ Kd8 49. Be4 Qd7+ 50. Kc2 Qa4+ 51. Kb1 Qb3+ 52.
Ka1 Qxc3+ 53. Ka2 Qc4+ 54. Ka1 Bc5 0-1

[Event "Oberliga Ost A 2017 2018"]
[Site "Germany"]
[Date "2018.02.03"]
[Round "6.5"]
[White "Heinz, Juergen"]
[Black "Roemling, Sven"]
[Result "1-0"]
[WhiteElo "2222"]
[BlackElo "2154"]
[PlyCount "113"]
[EventDate "2017.10.22"]
[EventType "team-tourn"]
[EventCountry "GER"]
[WhiteTeam "Aue ESV Nickelhuette II"]
[BlackTeam "Leipzig SG II"]
[WhiteTeamCountry "GER"]
[BlackTeamCountry "GER"]

1. c4 Nf6 2. Nc3 g6 3. e4 d6 4. d4 Bg7 5. f4 O-O 6. Nf3 Nbd7 7. Bd3 e5 8. fxe5
dxe5 9. d5 Nc5 10. Bc2 a5 11. Bg5 h6 12. Bh4 Ncd7 13. Qd2 Qe7 14. h3 Qb4 15. b3
Ne8 16. a3 Qc5 17. Bf2 Qe7 18. O-O Ra6 19. Na4 f5 20. b4 fxe4 21. Bxe4 axb4 22.
axb4 Nd6 23. Nc3 Nxc4 24. Qd3 Rxa1 25. Rxa1 Nd6 26. Re1 Nxe4 27. Rxe4 g5 28.
Nb5 Rf4 29. Nxc7 Rxe4 30. Qxe4 Nf6 31. Qc4 Kh7 32. Qc5 Qd8 33. Qc2+ e4 34. Nd4
Kg8 35. Qc4 Kh7 36. Bg3 Nh5 37. Nde6 Bxe6 38. Nxe6 Qf6 39. Qxe4+ Kg8 40. Bf2
Qa1+ 41. Qe1 Qxe1+ 42. Bxe1 Be5 43. Nc5 b5 44. Nd3 Bd4+ 45. Bf2 Bxf2+ 46. Kxf2
Nf6 47. Ke3 Nxd5+ 48. Kd4 Nc7 49. Kc5 Kf7 50. Kc6 Ne6 51. Kxb5 Kg6 52. Kc4 Kf5
53. g4+ Kg6 54. b5 h5 55. b6 Nd8 56. Kd5 hxg4 57. hxg4 1-0

[Event "Oberliga Ost A 2017 2018"]
[Site "Germany"]
[Date "2018.02.03"]
[Round "6.6"]
[White "Limpert, Michael"]
[Black "Rosko, Lubos"]
[Result "0-1"]
[WhiteElo "2185"]
[BlackElo "2316"]
[PlyCount "82"]
[EventDate "2017.10.22"]
[EventType "team-tourn"]
[EventCountry "GER"]
[WhiteTeam "Leipzig SG II"]
[BlackTeam "Aue ESV Nickelhuette II"]
[WhiteTeamCountry "GER"]
[BlackTeamCountry "GER"]

1. e4 c5 2. Nf3 d6 3. Bb5+ Bd7 4. Bxd7+ Qxd7 5. O-O Nf6 6. Qe2 Nc6 7. Rd1 e6 8.
d4 cxd4 9. Nxd4 Be7 10. c4 O-O 11. Nc3 a6 12. b3 Qc7 13. Bb2 Rac8 14. Rac1 Rfd8
15. Kh1 Qa5 16. Nc2 b5 17. cxb5 axb5 18. Qxb5 Qxb5 19. Nxb5 Nxe4 20. Kg1 Bg5
21. Ne3 d5 22. Nd4 Nb4 23. Rxc8 Rxc8 24. a3 Na2 25. Ndc2 f5 26. g3 Nac3 27. Rd3
f4 28. gxf4 Ne2+ 29. Kf1 Nxf4 30. Rd1 Rf8 31. Bd4 Ng6 32. Ng2 e5 33. Be3 d4 34.
Bxg5 Rxf2+ 35. Kg1 Rxc2 36. h4 h6 37. Bd8 Nc3 38. Re1 e4 39. Ba5 Ne5 40. Bxc3
Nf3+ 41. Kf1 Rxc3 0-1

[Event "Oberliga Ost A 2017 2018"]
[Site "Germany"]
[Date "2018.02.03"]
[Round "6.7"]
[White "Floeter, Frank"]
[Black "Haidary, Hameedullah"]
[Result "1/2-1/2"]
[WhiteElo "2123"]
[BlackElo "2269"]
[PlyCount "86"]
[EventDate "2017.10.22"]
[EventType "team-tourn"]
[EventCountry "GER"]
[WhiteTeam "Aue ESV Nickelhuette II"]
[BlackTeam "Leipzig SG II"]
[WhiteTeamCountry "GER"]
[BlackTeamCountry "GER"]

1. d4 Nf6 2. c4 g6 3. Nc3 Bg7 4. Bg5 d6 5. Nf3 h6 6. Bh4 b6 7. e3 Bb7 8. h3
Nbd7 9. Be2 Ne4 10. Nxe4 Bxe4 11. Bd3 Bb7 12. Qc2 O-O 13. Be4 Bxe4 14. Qxe4 Re8
15. Qc6 Rc8 16. O-O Nb8 17. Qa4 c5 18. Rfd1 Qd7 19. Qxd7 Nxd7 20. Rac1 Rc7 21.
b3 g5 22. Bg3 cxd4 23. Nxd4 Bxd4 24. exd4 f6 25. Re1 Kf7 26. a4 Rec8 27. f3 a6
28. Ra1 Rb7 29. Rec1 Rbc7 30. Re1 Rb7 31. Rec1 Nb8 32. Bf2 Nc6 33. Kf1 Nb4 34.
Ke2 d5 35. Be1 Nc6 36. Kd3 Rd7 37. c5 Rb7 38. b4 bxc5 39. Rxc5 Na7 40. Rxd5 Rb6
41. Rc5 Rd8 42. Kc4 Nc8 43. Bg3 Rb7 1/2-1/2

[Event "Oberliga Ost A 2017 2018"]
[Site "Germany"]
[Date "2018.02.03"]
[Round "6.8"]
[White "Nguyen, Alex Dac Vuong"]
[Black "Heinz, Thomas"]
[Result "1/2-1/2"]
[WhiteElo "2012"]
[BlackElo "2138"]
[PlyCount "54"]
[EventDate "2017.10.22"]
[EventType "team-tourn"]
[EventCountry "GER"]
[WhiteTeam "Leipzig SG II"]
[BlackTeam "Aue ESV Nickelhuette II"]
[WhiteTeamCountry "GER"]
[BlackTeamCountry "GER"]

1. e4 e5 2. Nf3 Nc6 3. Bc4 d6 4. c3 Be7 5. O-O Nf6 6. Re1 O-O 7. Bb3 Be6 8. Bc2
Bg4 9. h3 Bh5 10. d3 d5 11. exd5 Qxd5 12. Nbd2 Rad8 13. Qe2 Rfe8 14. Ne4 Nxe4
15. dxe4 Qe6 16. Bb3 Qc8 17. g4 Bg6 18. Bd5 Bc5 19. b4 Bb6 20. Bxc6 bxc6 21.
Nh4 Qe6 22. Be3 Bxe4 23. Bxb6 Bd3 24. Qxe5 Qxe5 25. Rxe5 cxb6 26. Rxe8+ Rxe8
27. Rd1 Bc4 1/2-1/2

[Event "Oberliga Ost A 2017 2018"]
[Site "Germany"]
[Date "2018.02.03"]
[Round "6.1"]
[White "Pietsch, Michael"]
[Black "Osmanodja, Filiz"]
[Result "1/2-1/2"]
[WhiteElo "2206"]
[BlackElo "2273"]
[PlyCount "97"]
[EventDate "2017.10.22"]
[EventType "team-tourn"]
[EventCountry "GER"]
[WhiteTeam "Coswig TuS"]
[BlackTeam "Dresden USV TU II"]
[WhiteTeamCountry "GER"]
[BlackTeamCountry "GER"]

1. c4 Nf6 2. g3 e5 3. Bg2 h6 4. Nc3 Bb4 5. Qc2 O-O 6. e3 Bxc3 7. Qxc3 Nc6 8.
Ne2 d5 9. O-O Bg4 10. f3 Bf5 11. d3 d4 12. exd4 exd4 13. Qb3 Re8 14. Nf4 Ne5
15. Rd1 c6 16. g4 Bh7 17. Nh3 Nfd7 18. Nf2 Nc5 19. Qa3 Qe7 20. Bf4 g5 21. Bg3
Ncxd3 22. Qxe7 Rxe7 23. Bxe5 Nxe5 24. Rxd4 c5 25. Rd5 Nxc4 26. b3 Ne3 27. Rxc5
Nc2 28. Rc1 Re2 29. f4 Rae8 30. Bxb7 Re1+ 31. Rxe1 Rxe1+ 32. Kg2 gxf4 33. Rc8+
Kg7 34. Kf3 Nd4+ 35. Kxf4 Re2 36. Kg3 Rxa2 37. Bd5 Rc2 38. Rxc2 Bxc2 39. b4 Ba4
40. Ne4 Nc2 41. Nd6 Nxb4 42. Bxf7 Bd1 43. Bc4 a5 44. Nb5 a4 45. Kf4 Nc6 46. h4
Bxg4 47. Nc3 a3 48. Nb1 Be2 49. Nxa3 1/2-1/2

[Event "Oberliga Ost A 2017 2018"]
[Site "Germany"]
[Date "2018.02.03"]
[Round "6.2"]
[White "Gungl, Theo"]
[Black "Mueller, Richard"]
[Result "1/2-1/2"]
[WhiteElo "2279"]
[BlackElo "2161"]
[PlyCount "100"]
[EventDate "2017.10.22"]
[EventType "team-tourn"]
[EventCountry "GER"]
[WhiteTeam "Dresden USV TU II"]
[BlackTeam "Coswig TuS"]
[WhiteTeamCountry "GER"]
[BlackTeamCountry "GER"]

1. e4 c5 2. Nf3 e6 3. d4 cxd4 4. Nxd4 Nc6 5. Nc3 Qc7 6. g3 a6 7. Bg2 Nf6 8. O-O
Be7 9. Re1 Nxd4 10. Qxd4 e5 11. Qd3 b5 12. Bg5 Bb7 13. Rad1 Rd8 14. Re2 O-O 15.
Bxf6 Bxf6 16. Nd5 Bxd5 17. Qxd5 Be7 18. Bh3 d6 19. a3 Rb8 20. c3 Rb6 21. Rc2
Rc6 22. Qd3 Rb8 23. Bf1 a5 24. b4 g6 25. Rb1 axb4 26. axb4 Kg7 27. Qd5 Rxc3 28.
Rxc3 Qxc3 29. Bxb5 Qd4 30. Bc4 Qxd5 31. Bxd5 Bd8 32. b5 Bb6 33. Kg2 f5 34. f3
Kf6 35. Ra1 Bd4 36. Ra5 Bc5 37. Bc6 Ke7 38. Ra6 Kf6 39. Kf1 Kg5 40. Kg2 Kf6 41.
Ra2 Kg5 42. Kf1 h5 43. h4+ Kf6 44. Ra8 Rxa8 45. Bxa8 f4 46. g4 g5 47. hxg5+
Kxg5 48. gxh5 Kxh5 49. Ke2 Kg5 50. Kd3 Kf6 1/2-1/2

[Event "Oberliga Ost A 2017 2018"]
[Site "Germany"]
[Date "2018.02.03"]
[Round "6.3"]
[White "Escher, Thomas"]
[Black "Salzmann, Peter"]
[Result "0-1"]
[WhiteElo "2150"]
[BlackElo "2139"]
[PlyCount "98"]
[EventDate "2017.10.22"]
[EventType "team-tourn"]
[EventCountry "GER"]
[WhiteTeam "Coswig TuS"]
[BlackTeam "Dresden USV TU II"]
[WhiteTeamCountry "GER"]
[BlackTeamCountry "GER"]

1. e4 c5 2. Nf3 Nc6 3. d4 cxd4 4. Nxd4 g6 5. c4 Bg7 6. Be3 d6 7. Nc3 Bd7 8. Be2
Qa5 9. O-O Nf6 10. Nb3 Qd8 11. c5 Be6 12. cxd6 Qxd6 13. Nc5 Qxd1 14. Rfxd1 Bc8
15. Bb5 O-O 16. h3 a6 17. Ba4 b5 18. Bb3 e6 19. f4 Rd8 20. Rxd8+ Nxd8 21. Rd1
Nb7 22. e5 Ne8 23. N3e4 Bf8 24. Nd7 Na5 25. Nb6 Bb7 26. Nxa8 Bxe4 27. Nb6 Nxb3
28. axb3 Nc7 29. Nd7 Kg7 30. Nf6 Nd5 31. Nxe4 Nxe3 32. Rd7 Nd5 33. g3 h6 34.
Ra7 g5 35. fxg5 hxg5 36. Rxa6 Kg6 37. Nd6 Bg7 38. Nxb5 Bxe5 39. Nc3 Nb4 40. Ra4
Nd3 41. Ne2 f5 42. b4 f4 43. gxf4 gxf4 44. Kf1 Kf5 45. b5 Nxb2 46. Rb4 Nd3 47.
Rc4 Nb2 48. Nd4+ Ke4 49. Nc6+ Nxc4 0-1

[Event "Oberliga Ost A 2017 2018"]
[Site "Germany"]
[Date "2018.02.03"]
[Round "6.4"]
[White "Oehl, Tim"]
[Black "Klawa, Patrick"]
[Result "0-1"]
[WhiteElo "2157"]
[BlackElo "2163"]
[PlyCount "152"]
[EventDate "2017.10.22"]
[EventType "team-tourn"]
[EventCountry "GER"]
[WhiteTeam "Dresden USV TU II"]
[BlackTeam "Coswig TuS"]
[WhiteTeamCountry "GER"]
[BlackTeamCountry "GER"]

1. c4 f5 2. d4 Nf6 3. g3 g6 4. Bg2 Bg7 5. Nf3 d6 6. O-O O-O 7. Nc3 c6 8. Rb1
Bd7 9. e3 Na6 10. b3 Rc8 11. Bb2 Qc7 12. d5 Nc5 13. Nd4 e5 14. dxe6 Nxe6 15.
Nce2 Ng5 16. Nf4 Rfe8 17. h4 Nge4 18. Nf3 Re7 19. Qd3 Ng4 20. Bxg7 Rxg7 21. Ng5
Nc5 22. Qd4 h6 23. Nf3 g5 24. Ne2 Ne6 25. Qd2 Nf6 26. Nfd4 Nc5 27. hxg5 hxg5
28. Nc3 Rf8 29. Rbd1 Nce4 30. Qd3 Nxc3 31. Qxc3 f4 32. Rde1 Ng4 33. exf4 gxf4
34. Ne6 Bxe6 35. Rxe6 Qf7 36. Rfe1 fxg3 37. f3 Ne5 38. Rxd6 Nxf3+ 39. Qxf3 Qxf3
40. Bxf3 Rxf3 41. Rd8+ Kh7 42. Re2 Rgf7 43. Kg2 Kh6 44. Rd6+ Kg5 45. Rdd2 Rc3
46. Re8 Rh7 47. Rg8+ Kf4 48. Rf8+ Ke3 49. Rd6 Ke2 50. Re6+ Kd2 51. Rd8+ Rd3 52.
Rxd3+ Kxd3 53. Kxg3 Rc7 54. Kg2 Kc3 55. Re2 c5 56. Re3+ Kb4 57. Rd3 Ka3 58. Rd2
b6 59. Kg1 Rc6 60. Kg2 Kb4 61. Kg3 Kc3 62. Re2 Rd6 63. Re7 a6 64. Kf3 Rf6+ 65.
Kg3 a5 66. Re3+ Kb4 67. Rd3 a4 68. Kg2 axb3 69. axb3 Ka3 70. Re3 Kb2 71. Kg1
Kc2 72. Rg3 Rd6 73. Kf1 Rd3 74. Rg2+ Kc1 75. Rg4 Rxb3 76. Ke2 Kc2 0-1

[Event "Oberliga Ost A 2017 2018"]
[Site "Germany"]
[Date "2018.02.03"]
[Round "6.5"]
[White "Merker, Matthias"]
[Black "Verhulst, Nicolaas"]
[Result "1-0"]
[WhiteElo "2133"]
[BlackElo "2070"]
[PlyCount "49"]
[EventDate "2017.10.22"]
[EventType "team-tourn"]
[EventCountry "GER"]
[WhiteTeam "Coswig TuS"]
[BlackTeam "Dresden USV TU II"]
[WhiteTeamCountry "GER"]
[BlackTeamCountry "GER"]

1. d4 Nf6 2. c4 b6 3. Nc3 Bb7 4. Nf3 e6 5. e3 Be7 6. Be2 O-O 7. O-O d5 8. Ne5
Nbd7 9. f4 dxc4 10. Bxc4 Ne4 11. Qc2 Nxc3 12. bxc3 c5 13. Bd3 Nxe5 14. fxe5 g6
15. Bd2 Rc8 16. Rf4 cxd4 17. exd4 Bg5 18. Rg4 Bxd2 19. Qxd2 Rc7 20. Rf1 Bd5 21.
Rf6 Kg7 22. Rh4 h5 23. Qg5 Qe8 24. Rxh5 Rh8 25. Rxg6+ 1-0

[Event "Oberliga Ost A 2017 2018"]
[Site "Germany"]
[Date "2018.02.03"]
[Round "6.6"]
[White "Ledfuss, Guntram"]
[Black "Piotraschke, Jens"]
[Result "1/2-1/2"]
[WhiteElo "2043"]
[BlackElo "2145"]
[PlyCount "81"]
[EventDate "2017.10.22"]
[EventType "team-tourn"]
[EventCountry "GER"]
[WhiteTeam "Dresden USV TU II"]
[BlackTeam "Coswig TuS"]
[WhiteTeamCountry "GER"]
[BlackTeamCountry "GER"]

1. d4 Nf6 2. c4 e6 3. Nf3 b6 4. g3 Ba6 5. Qc2 c5 6. Bg2 Bb7 7. O-O cxd4 8. Nxd4
Bxg2 9. Kxg2 Qc8 10. b3 Nc6 11. Bb2 Nxd4 12. Bxd4 Qc6+ 13. Kg1 Be7 14. Nd2 O-O
15. Qb2 Rfd8 16. Rac1 Rac8 17. Rc2 d5 18. Rfc1 Qb7 19. c5 bxc5 20. Bxc5 Bxc5
21. Rxc5 Rxc5 22. Rxc5 Rc8 23. Qc3 Rxc5 24. Qxc5 h6 25. Nf3 Ne4 26. Qc2 g6 27.
Ne5 Qb4 28. Nd3 Qc3 29. Qxc3 Nxc3 30. Nc1 Kf8 31. Kf1 Ke7 32. Ke1 e5 33. f3 d4
34. Kd2 Nd5 35. Nd3 Kd6 36. Nb2 Ne3 37. Kd3 Kd5 38. Kd2 f5 39. Nd1 Nxd1 40.
Kxd1 Kc5 41. a3 1/2-1/2

[Event "Oberliga Ost A 2017 2018"]
[Site "Germany"]
[Date "2018.02.03"]
[Round "6.7"]
[White "Kieslich, Aaron"]
[Black "Schmalhofer, Adam"]
[Result "1/2-1/2"]
[WhiteElo "2048"]
[BlackElo "2058"]
[PlyCount "62"]
[EventDate "2017.10.22"]
[EventType "team-tourn"]
[EventCountry "GER"]
[WhiteTeam "Coswig TuS"]
[BlackTeam "Dresden USV TU II"]
[WhiteTeamCountry "GER"]
[BlackTeamCountry "GER"]

1. d4 Nf6 2. c4 g6 3. Nc3 Bg7 4. e4 d6 5. f3 O-O 6. Be3 e5 7. d5 Nh5 8. Qd2 f5
9. Bd3 a6 10. O-O-O Bd7 11. Kb1 Qe8 12. Nge2 b5 13. cxb5 axb5 14. b4 c5 15.
dxc6 Bxc6 16. Bxb5 d5 17. Bxc6 Nxc6 18. Nxd5 Kh8 19. Nc7 Qb8 20. Nxa8 Qxa8 21.
Bc5 Rb8 22. Qc3 fxe4 23. fxe4 Nxb4 24. Bxb4 Qxe4+ 25. Ka1 Qxe2 26. Rd7 e4 27.
Rxg7 Nxg7 28. Rc1 Qxg2 29. Qf6 Qf3 30. Qe7 Qd3 31. Bc3 Rb1+ 1/2-1/2

[Event "Oberliga Ost A 2017 2018"]
[Site "Germany"]
[Date "2018.02.03"]
[Round "6.8"]
[White "Richter, Philipp"]
[Black "Wolf, Mario"]
[Result "1/2-1/2"]
[WhiteElo "1795"]
[BlackElo "1968"]
[PlyCount "45"]
[EventDate "2017.10.22"]
[EventType "team-tourn"]
[EventCountry "GER"]
[WhiteTeam "Dresden USV TU II"]
[BlackTeam "Coswig TuS"]
[WhiteTeamCountry "GER"]
[BlackTeamCountry "GER"]

1. d4 Nf6 2. c4 e6 3. Nc3 Bb4 4. e3 O-O 5. Nge2 d5 6. a3 Be7 7. Nf4 c6 8. cxd5
cxd5 9. Bd3 Nc6 10. O-O Bd7 11. b4 Rc8 12. Bb2 a6 13. Na4 Nb8 14. Nc5 Qb6 15.
Qe2 Bb5 16. Bxb5 axb5 17. Rac1 Na6 18. Nfd3 Rc7 19. Rc3 Rfc8 20. Rfc1 Ne8 21.
g3 Nd6 22. Ne5 Nc4 23. f4 1/2-1/2

[Event "Oberliga Ost A 2017 2018"]
[Site "Germany"]
[Date "2018.02.03"]
[Round "6.1"]
[White "Spreng, Simon"]
[Black "Puls, Thomas"]
[Result "1-0"]
[WhiteElo "2235"]
[BlackElo "2220"]
[PlyCount "93"]
[EventDate "2017.10.22"]
[EventType "team-tourn"]
[EventCountry "GER"]
[WhiteTeam "Dessau SK"]
[BlackTeam "Halle USV"]
[WhiteTeamCountry "GER"]
[BlackTeamCountry "GER"]

1. d4 f5 2. Nc3 d5 3. Bf4 a6 4. e3 Nf6 5. Bd3 e6 6. Nf3 c5 7. O-O Be7 8. dxc5
Bxc5 9. Ne2 Nc6 10. c4 Nb4 11. a3 Nxd3 12. Qxd3 Be7 13. Rfd1 O-O 14. Nc3 dxc4
15. Qxc4 Qe8 16. a4 Kh8 17. h3 Bd7 18. Ne5 Bd8 19. Qb3 b6 20. Rd6 Bc8 21. Qc4
b5 22. axb5 axb5 23. Rxa8 bxc4 24. Rxc8 Kg8 25. Rdxd8 Qxd8 26. Rxd8 Rxd8 27.
Nxc4 Nd5 28. Nxd5 Rxd5 29. b4 Rd1+ 30. Kh2 Rb1 31. Bd6 Kf7 32. Ne5+ Kf6 33. f4
g5 34. Nf3 h6 35. Nd4 Kf7 36. Kg3 Ke8 37. Nf3 Rb3 38. Bc5 gxf4+ 39. Kxf4 Rb2
40. g4 fxg4 41. hxg4 Rb1 42. Ne5 Rf1+ 43. Ke4 Kd8 44. b5 h5 45. gxh5 Rf5 46. h6
Rh5 47. Bf8 1-0

[Event "Oberliga Ost A 2017 2018"]
[Site "Germany"]
[Date "2018.02.03"]
[Round "6.2"]
[White "Hoepfl, Thomas"]
[Black "Matthey, Harald"]
[Result "1-0"]
[WhiteElo "2276"]
[BlackElo "2108"]
[PlyCount "63"]
[EventDate "2017.10.22"]
[EventType "team-tourn"]
[EventCountry "GER"]
[WhiteTeam "Halle USV"]
[BlackTeam "Dessau SK"]
[WhiteTeamCountry "GER"]
[BlackTeamCountry "GER"]

1. e4 b6 2. Nf3 Bb7 3. d3 e6 4. g3 d5 5. Qe2 Nf6 6. e5 Nfd7 7. Bg2 c5 8. O-O
Nc6 9. c4 dxc4 10. dxc4 h6 11. h4 Be7 12. h5 Qc7 13. Bf4 O-O-O 14. Nc3 a6 15.
Nd5 exd5 16. cxd5 Ncxe5 17. Nxe5 Nxe5 18. Bxe5 Bd6 19. Bxd6 Rxd6 20. Qg4+ f5
21. Qxf5+ Kb8 22. Rfe1 Rhd8 23. Rad1 Rf6 24. Qg4 Qf7 25. Rd2 Rf5 26. Re6 Ka7
27. Rg6 Rg8 28. d6 Bxg2 29. Kxg2 Qb7+ 30. f3 Rf7 31. d7 Rgf8 32. d8=N 1-0

[Event "Oberliga Ost A 2017 2018"]
[Site "Germany"]
[Date "2018.02.03"]
[Round "6.4"]
[White "Hartge, Gedeon"]
[Black "Erler, Rainer"]
[Result "1-0"]
[WhiteElo "2144"]
[BlackElo "2100"]
[PlyCount "71"]
[EventDate "2017.10.22"]
[EventType "team-tourn"]
[EventCountry "GER"]
[WhiteTeam "Halle USV"]
[BlackTeam "Dessau SK"]
[WhiteTeamCountry "GER"]
[BlackTeamCountry "GER"]

1. d4 d5 2. c4 e6 3. Nc3 c5 4. cxd5 exd5 5. Nf3 Nc6 6. g3 Nf6 7. Bg2 Be7 8. O-O
O-O 9. dxc5 Bxc5 10. Bg5 d4 11. Bxf6 Qxf6 12. Nd5 Qf5 13. Nh4 Qe5 14. Nf4 Bb6
15. Nf3 Qd6 16. Rc1 Rd8 17. Nd2 Ne5 18. Qb3 Bg4 19. Ne4 Qh6 20. h4 d3 21. exd3
Nf3+ 22. Bxf3 Bxf3 23. Ng5 Bh5 24. Rfe1 Rd7 25. Qa4 Rdd8 26. Re7 f6 27. Nxh5
fxg5 28. Rxg7+ Kh8 29. Rxg5 Rg8 30. Qf4 Qe6 31. Qe4 Rae8 32. Qxe6 Rxe6 33.
Rxg8+ Kxg8 34. Nf4 Rd6 35. Kg2 Bd4 36. Rc8+ 1-0

[Event "Oberliga Ost A 2017 2018"]
[Site "Germany"]
[Date "2018.02.03"]
[Round "6.5"]
[White "Leibovitch, Iziaslav"]
[Black "Schulte, Felix"]
[Result "0-1"]
[WhiteElo "2125"]
[BlackElo "1967"]
[PlyCount "74"]
[EventDate "2017.10.22"]
[EventType "team-tourn"]
[EventCountry "GER"]
[WhiteTeam "Dessau SK"]
[BlackTeam "Halle USV"]
[WhiteTeamCountry "GER"]
[BlackTeamCountry "GER"]

1. Nf3 d5 2. g3 g6 3. Bg2 Bg7 4. O-O Nf6 5. d3 O-O 6. Nbd2 c5 7. e4 Nc6 8. Re1
h6 9. c3 e5 10. Qc2 Re8 11. exd5 Nxd5 12. a4 Bf5 13. Ne4 b6 14. Qe2 Qd7 15. a5
Rad8 16. axb6 axb6 17. Qc2 Nc7 18. Nh4 Bh3 19. Bxh6 Bxg2 20. Kxg2 Qxd3 21. Qxd3
Rxd3 22. Bxg7 Kxg7 23. Nf3 f5 24. Neg5 e4 25. Ng1 Rd2 26. Re2 Red8 27. Rae1 Ne5
28. N1h3 Nd3 29. Ra1 Rxe2 30. Ra7 Rd7 31. Ne6+ Nxe6 32. Rxd7+ Kf6 33. b4 Rd2
34. Kf1 Rd1+ 35. Ke2 Rc1 36. bxc5 bxc5 37. Kd2 Rh1 0-1

[Event "Oberliga Ost A 2017 2018"]
[Site "Germany"]
[Date "2018.02.03"]
[Round "6.6"]
[White "Groeger, Stefan"]
[Black "Ozeran, Volodymyr"]
[Result "1/2-1/2"]
[WhiteElo "2150"]
[BlackElo "2087"]
[PlyCount "69"]
[EventDate "2017.10.22"]
[EventType "team-tourn"]
[EventCountry "GER"]
[WhiteTeam "Halle USV"]
[BlackTeam "Dessau SK"]
[WhiteTeamCountry "GER"]
[BlackTeamCountry "GER"]

1. e4 c6 2. d4 d5 3. e5 Bf5 4. Nd2 e6 5. Nb3 Nd7 6. Nf3 h6 7. Be3 Ne7 8. Be2
Qc7 9. O-O Bg6 10. Nh4 Bh7 11. f4 Nf5 12. Nxf5 Bxf5 13. g4 Bh7 14. Bd3 Bxd3 15.
cxd3 Be7 16. Rc1 g6 17. f5 gxf5 18. gxf5 Bg5 19. Bxg5 Rg8 20. h4 hxg5 21. fxe6
fxe6 22. Qh5+ Kd8 23. Qf7 Re8 24. hxg5 Qb6 25. Rf2 Re7 26. Qg8+ Re8 27. Qh7 Re7
28. Rf7 Qb4 29. Rcf1 Rxf7 30. Qxf7 Qe7 31. g6 Qxf7 32. Rxf7 b6 33. Kf2 Kc7 34.
Kf3 Rg8 35. Rh7 1/2-1/2